Spotrebiteľské správanie obyvateľov Slovenskej republiky

Spotrebiteľské správanie. Prieskum spotrebiteľského správania na Slovensku - spotrebiteľský barometer v 3. štvrťroku 2000, index spotrebiteľskej dôvery v členských štátoch EÚ a v transformujúcich sa štátoch strednej a východnej Európy. Trendy v spotrebiteľskom správaní.

Guardado en:
Detalles Bibliográficos
Autor principal: Hamarová, Lucia
Formato: Capítulo de libro
Lenguaje:eslovaco
Materias:
Etiquetas: Agregar Etiqueta
Sin Etiquetas, Sea el primero en etiquetar este registro!

MARC

LEADER 00000naa a2200000 4500
001 r044073
005 20231003112303.3
041 0 |a slo 
044 |a SK 
245 1 0 |a Spotrebiteľské správanie obyvateľov Slovenskej republiky  |c Lucia Hamarová 
520 |a Spotrebiteľské správanie. Prieskum spotrebiteľského správania na Slovensku - spotrebiteľský barometer v 3. štvrťroku 2000, index spotrebiteľskej dôvery v členských štátoch EÚ a v transformujúcich sa štátoch strednej a východnej Európy. Trendy v spotrebiteľskom správaní. 
610 2 0 |a spotrebitelia 
610 2 0 |a správanie spotrebiteľa 
610 2 0 |a výskum 
610 2 0 |a Európska únia 
610 2 0 |a SVE 
610 2 0 |a Slovensko 
100 1 |a Hamarová, Lucia